000 03691na a2200589 4500
001 20960
003 MIRAKIL
005 20181213154953.0
008 170202b tu 000 0
035 _a20960
040 _aMilas
_btur
_cTR-AnCHP
041 _atur
082 _aCHP 323
_bC3655d 2013
090 _aBROŞÜR 247
110 _aCumhuriyet Halk Partisi (CHP)
_bİnsan Hakları Genel Başkan Yardımcılığı
240 _aDemokrasi paketi
245 _aCumhuriyet Halk Partisi'nin 24. dönem'de adalet, demokrasi, özgürlükler ve insan hakları için verdiği kanun teklifleri
_cCHP İnsan Haklarından Sorumlu Genel Başkan Yardımcılığı
246 _aCHP'nin insan hakları için verdiği kanun teklifleri
260 _aAnkara
_bCHP
_c2013
300 _a87 s.
_brnk. res.
_c19 sm.
440 _aCumhuriyet Halk Partisi yayınları
_pRaporlar
500 _aDış kapakta adı: Gerçek adalet gerçek demokrasi ve insan hakları için CHP'nin çözüm önerileri
505 _a1.Ceza kanunu ve ceza muhakemesi kanunu ile ilgili kanun teklifleri - 2.Terörle mücadele kanunu ile ilgili kanun teklifleri - 3. Adli sicil kanunu ile ilgili değişiklik teklifi - 4. 12 Eylül, askeri darbeler ve geçmişle yüzleşme ile ilgili kanun teklifleri - Siyasi partiler, siyasi etik ve seçim barajının düşürülmesine ilişkin kanun teklifi - 6. İnanç özgürlüğü ve kadın hakları ile ilgili kanun teklifleri - 7. Toplantı ve gösteri yürüyüşü hakkı ile ilgili kanun teklifleri - 8.Afetlerle ilgili kanun teklifleri - 9. Tüketici hakları ile ilgili kanun teklifleri - 10. Hak arama özgürlüğü ve yargı harçları ile ilgili kanun teklifleri - 11.Aile sigortası, sosyal haklar ve askerlikle ilgili kanun teklifleri - 12. İnsan hakları Bakanlığı kurulmasına dair kanun teklifi ve diğer kanun teklifleri
610 _aCHP
_xAdalet
_yYasa önerileri
610 _aCHP
_xİnsan hakları
_yYasa önerileri
610 _aCHP
_xDemokrasi
_yYasa önerileri
610 _aCHP
_xDemokrasi sorunu
_yÇözüm önerileri
610 _aCHP
_xTBMM
_yYasa değişikliği
610 _aCHP
_xHak ve özgürlükler
_yYasa önerileri
650 _aDemokrasi sorunu
_zTürkiye
657 _aCHP kanun teklifleri
657 _aCHP demokrasi paketi
657 _aCHP demokratik yasa değişikliği önerileri
710 _aCumhuriyet Halk Partisi (CHP)
_bİnsan Haklarından Sorumlu Genel Başkan Yardımcılığı
740 _aHak arama özgürlüğü ve yargı harçları ile ilgili kanun teklifleri
740 _aTüketici hakları ile ilgili kanun teklifleri
740 _aAfetlerle ilgili kanun teklifleri
740 _aToplantı ve gösteri yürüyüşü hakkı ile ilgili kanun teklifleri
740 _aİnanç özgürlüğü ve kadın hakları ile ilgili kanun teklifleri
740 _aSiyasi partiler, siyasi etik ve seçim barajının düşürülmesine ilişkin kanun teklifi
740 _a12 Eylül, askeri darbeler ve geçmişle yüzleşme ile ilgili kanun teklifleri
740 _aAdli sicil kanunu ile ilgili değişiklik teklifi
740 _aTerörle mücadele kanunu ile ilgili kanun teklifleri
740 _aCeza kanunu ve ceza muhakemesi kanunu ile ilgili kanun teklifleri
740 _aDarbe temizliği için CHP'den demokrasi paketi
740 _aAile sigortası, sosyal haklar ve askerlikle ilgili kanun teklifleri
740 _aİnsan hakları Bakanlığı kurulmasına dair kanun teklifi ve diğer kanun teklifleri
740 _aGerçek adalet gerçek demokrasi ve insan hakları için CHP'nin çözüm önerileri
830 _aCHP raporları
942 _2dcc
_cBKS
999 _c4090
_d4090